[Event "D"]
[Site "?"]
[Date "2018.08.25"]
[Round "2.9"]
[White "Kukula, Klara"]
[Black "Zaborski, Igor"]
[Result "1/2-1/2"]
[BlackElo "1320"]
[WhiteElo "1140"]
[LiveChessVersion "1.4.8"]

1. e4 {[%clk 1:30:58]} c6 {[%clk 1:13:32]} 2. d4 {[%clk 1:31:08]} d5
{[%clk 1:13:52]} 3. e5 {[%clk 1:30:53]} c5 {[%clk 1:14:13]} 4. Bb5+
{[%clk 1:30:32]} Bd7 {[%clk 1:13:52]} 5. Bxd7+ {[%clk 1:30:30]} Qxd7
{[%clk 1:13:51]} 6. c3 {[%clk 1:30:45]} Nc6 {[%clk 1:14:04]} 7. Ne2
{[%clk 1:30:30]} e6 {[%clk 1:13:54]} 8. O-O {[%clk 1:30:24]} Nge7
{[%clk 1:13:53]} 9. Ng3 {[%clk 1:28:32]} Ng6 {[%clk 1:13:00]} 10. Kh1
{[%clk 1:25:29]} b5 {[%clk 1:12:20]} 11. a3 {[%clk 1:25:22]} a5 {[%clk 1:11:28]}
12. f4 {[%clk 1:23:05]} Nge7 {[%clk 1:10:26]} 13. Be3 {[%clk 1:21:54]} c4
{[%clk 1:09:57]} 14. Nd2 {[%clk 1:20:21]} Rb8 {[%clk 1:08:37]} 15. Rb1
{[%clk 1:18:33]} Nf5 {[%clk 1:06:03]} 16. Nxf5 {[%clk 1:15:40]} exf5
{[%clk 1:06:21]} 17. Qf3 {[%clk 1:09:51]} b4 {[%clk 1:04:45]} 18. axb4
{[%clk 1:08:10]} axb4 {[%clk 1:04:59]} 19. Bg1 {[%clk 1:08:13]} Be7
{[%clk 1:04:38]} 20. Rfe1 {[%clk 1:06:30]} O-O {[%clk 1:04:15]} 21. Nf1
{[%clk 1:05:27]} Rb7 {[%clk 1:03:47]} 22. Rbc1 {[%clk 1:02:20]} Rfb8
{[%clk 1:03:32]} 23. Ne3 {[%clk 1:01:02]} Rd8 {[%clk 1:03:09]} 24. h3
{[%clk 1:00:29]} bxc3 {[%clk 1:00:21]} 25. bxc3 {[%clk 1:00:34]} Na5
{[%clk 0:59:14]} 26. Rc2 {[%clk 0:45:39]} Nb3 {[%clk 0:59:18]} 27. Bf2
{[%clk 0:41:17]} g6 {[%clk 0:59:12]} 28. h4 {[%clk 0:41:24]} h5 {[%clk 0:57:01]}
29. Kh2 {[%clk 0:41:34]} Ra7 {[%clk 0:57:04]} 30. g3 {[%clk 0:39:04]} Kg7
{[%clk 0:55:41]} 31. Ree2 {[%clk 0:36:34]} Kg8 {[%clk 0:52:43]} 32. Re1
{[%clk 0:34:34]} Ba3 {[%clk 0:52:23]} 33. Bg1 {[%clk 0:30:18]} Be7
{[%clk 0:49:51]} 34. Qg2 {[%clk 0:29:37]} Qc6 {[%clk 0:48:57]} 35. Kh3
{[%clk 0:28:34]} 1/2-1/2

[Event "D"]
[Site "?"]
[Date "2018.08.25"]
[Round "2.10"]
[White "Miler, Franciszek"]
[Black "Mainka, Anna"]
[Result "0-1"]
[BlackElo "1151"]
[WhiteElo "1315"]
[LiveChessVersion "1.4.8"]

1. e4 {[%clk 1:30:57]} c5 {[%clk 1:30:55]} 2. Nf3 {[%clk 1:31:19]} e6
{[%clk 1:31:13]} 3. d4 {[%clk 1:31:43]} cxd4 {[%clk 1:31:38]} 4. Nxd4
{[%clk 1:32:06]} a6 {[%clk 1:32:00]} 5. Bd3 {[%clk 1:32:30]} Nf6 {[%clk 1:32:23]}
6. O-O {[%clk 1:32:48]} Qc7 {[%clk 1:32:48]} 7. Qe2 {[%clk 1:33:09]} d6
{[%clk 1:33:03]} 8. c4 {[%clk 1:33:32]} Nbd7 {[%clk 1:33:05]} 9. Nc3
{[%clk 1:33:33]} Be7 {[%clk 1:32:56]} 10. f4 {[%clk 1:33:52]} O-O
{[%clk 1:33:17]} 11. Kh1 {[%clk 1:34:07]} b6 {[%clk 1:33:32]} 12. Bd2
{[%clk 1:33:40]} Bb7 {[%clk 1:33:46]} 13. Rae1 {[%clk 1:33:31]} Rac8
{[%clk 1:31:40]} 14. b4 {[%clk 1:32:52]} Rfe8 {[%clk 1:30:30]} 15. a3
{[%clk 1:33:04]} h6 {[%clk 1:30:18]} 16. Nf3 {[%clk 1:33:10]} Ng4
{[%clk 1:26:15]} 17. h3 {[%clk 1:32:10]} Ngf6 {[%clk 1:26:38]} 18. e5
{[%clk 1:29:31]} Bxf3 {[%clk 1:26:44]} 19. Rxf3 {[%clk 1:28:44]} dxe5
{[%clk 1:27:03]} 20. fxe5 {[%clk 1:28:53]} Nh5 {[%clk 1:25:48]} 21. g4
{[%clk 1:28:56]} Bh4 {[%clk 1:26:07]} 22. gxh5 {[%clk 1:27:01]} Bxe1
{[%clk 1:26:29]} 23. Qxe1 {[%clk 1:27:05]} Nxe5 {[%clk 1:26:53]} 24. Rg3
{[%clk 1:25:38]} Nxd3 {[%clk 1:27:00]} 25. Rxd3 {[%clk 1:25:42]} Qxc4
{[%clk 1:27:17]} 26. Qg3 {[%clk 1:25:45]} Kh8 {[%clk 1:26:47]} 27. Rf3
{[%clk 1:24:30]} e5 {[%clk 1:25:34]} 28. Bxh6 {[%clk 1:16:09]} gxh6
{[%clk 1:25:34]} 29. Rf6 {[%clk 1:16:06]} Rc6 {[%clk 1:25:08]} 30. Rf3
{[%clk 1:12:21]} e4 {[%clk 1:24:56]} 31. Re3 {[%clk 1:10:29]} Qf1+
{[%clk 1:22:47]} 32. Kh2 {[%clk 1:10:55]} Rce6 {[%clk 1:22:21]} 33. Re1
{[%clk 1:10:17]} Qf3 {[%clk 1:22:18]} 34. Re3 {[%clk 1:09:33]} Qxh5
{[%clk 1:21:51]} 35. Qf2 {[%clk 1:09:25]} Qe5+ {[%clk 1:22:09]} 36. Kh1
{[%clk 1:09:29]} Rf6 {[%clk 1:21:46]} 37. Qe2 {[%clk 1:08:41]} Rf3
{[%clk 1:19:47]} 38. Rxf3 {[%clk 1:05:04]} exf3 {[%clk 1:20:08]} 39. Qxf3
{[%clk 1:05:31]} Qe1+ {[%clk 1:20:18]} 40. Kh2 {[%clk 1:05:22]} Qd2+
{[%clk 1:20:31]} 41. Qg2 {[%clk 1:04:44]} Qxc3 {[%clk 1:20:52]} 42. Qf2
{[%clk 1:04:18]} Qe5+ {[%clk 1:21:00]} 43. Kg2 {[%clk 1:04:28]} Rg8+
{[%clk 1:20:20]} 44. Kh1 {[%clk 1:04:34]} Qe4+ {[%clk 1:20:28]} 45. Kh2
{[%clk 1:04:52]} f5 {[%clk 1:20:23]} 46. Qd2 {[%clk 1:04:13]} Qe5+
{[%clk 1:20:21]} 47. Kh1 {[%clk 1:04:26]} f4 {[%clk 1:20:28]} 48. a4
{[%clk 1:04:34]} Qe4+ {[%clk 1:20:05]} 49. Kh2 {[%clk 1:04:42]} Qg6
{[%clk 1:17:42]} 50. Qd4+ {[%clk 1:04:45]} Kh7 {[%clk 1:17:36]} 51. Qf2
{[%clk 1:05:04]} Qg3+ {[%clk 1:17:53]} 52. Qxg3 {[%clk 1:05:27]} Rxg3
{[%clk 1:18:07]} 53. h4 {[%clk 1:05:49]} h5 {[%clk 1:18:26]} 54. b5
{[%clk 1:06:15]} a5 {[%clk 1:18:41]} 55. Kh1 {[%clk 1:06:29]} f3 {[%clk 1:18:45]}
56. Kh2 {[%clk 1:06:51]} Rg8 {[%clk 1:19:08]} 57. Kh1 {[%clk 1:07:01]} f2
{[%clk 1:19:27]} 58. Kh2 {[%clk 1:07:24]} Kh6 {[%clk 1:19:52]} 59. Kh3
{[%clk 1:07:43]} f1=Q+ {[%clk 1:20:11]} 60. Kh2 {[%clk 1:08:10]} Qd1 0-1

[Event "D"]
[Site "?"]
[Date "2018.08.25"]
[Round "3.1"]
[White "Bochenek, Ryszard"]
[Black "Goral, Jan"]
[Result "1/2-1/2"]
[BlackElo "1471"]
[WhiteElo "1274"]
[LiveChessVersion "1.4.8"]

1. d4 {[%clk 1:30:56]} Nf6 {[%clk 1:30:37]} 2. g3 {[%clk 1:31:17]} e6
{[%clk 1:30:47]} 3. Bg2 {[%clk 1:31:39]} d5 {[%clk 1:30:31]} 4. b3
{[%clk 1:30:28]} b6 {[%clk 1:30:02]} 5. Bb2 {[%clk 1:30:21]} Bb7 {[%clk 1:29:45]}
6. Nd2 {[%clk 1:29:25]} Be7 {[%clk 1:28:35]} 7. Ngf3 {[%clk 1:29:15]} O-O
{[%clk 1:27:26]} 8. O-O {[%clk 1:29:25]} Nbd7 {[%clk 1:26:01]} 9. Rc1
{[%clk 1:28:29]} c5 {[%clk 1:25:20]} 10. c4 {[%clk 1:28:09]} Rc8 {[%clk 1:24:16]}
11. e3 {[%clk 1:28:00]} h6 {[%clk 1:20:56]} 12. Qc2 {[%clk 1:23:59]} a6
{[%clk 1:14:36]} 13. Ne1 {[%clk 1:18:23]} b5 {[%clk 1:12:18]} 14. Nd3
{[%clk 1:16:42]} bxc4 {[%clk 1:07:10]} 15. bxc4 {[%clk 1:16:56]} cxd4
{[%clk 1:05:40]} 16. Bxd4 {[%clk 1:16:42]} Bc5 {[%clk 0:57:45]} 17. Bxc5
{[%clk 1:06:14]} Nxc5 {[%clk 0:57:38]} 18. Nxc5 {[%clk 1:03:51]} Rxc5
{[%clk 0:57:56]} 19. Qb2 {[%clk 1:03:52]} Qd7 {[%clk 0:56:14]} 20. Nb3
{[%clk 1:02:31]} Rc7 {[%clk 0:53:48]} 21. cxd5 {[%clk 1:02:08]} Bxd5
{[%clk 0:52:41]} 22. Bxd5 {[%clk 0:56:16]} Nxd5 {[%clk 0:52:27]} 23. Rxc7
{[%clk 0:55:02]} Qxc7 {[%clk 0:52:36]} 24. Rc1 {[%clk 0:55:21]} Qb7
{[%clk 0:52:37]} 25. Qd4 {[%clk 0:54:44]} Rc8 {[%clk 0:51:57]} 26. Rxc8+
{[%clk 0:54:19]} Qxc8 {[%clk 0:52:20]} 27. Qc5 {[%clk 0:54:17]} Qxc5
{[%clk 0:51:53]} 28. Nxc5 {[%clk 0:54:41]} a5 {[%clk 0:52:18]} 29. a4
{[%clk 0:55:06]} Nb6 {[%clk 0:52:17]} 30. Nb3 {[%clk 0:55:10]} Nxa4
{[%clk 0:51:43]} 31. Nxa5 {[%clk 0:55:28]} 1/2-1/2

[Event "D"]
[Site "?"]
[Date "2018.08.25"]
[Round "3.2"]
[White "Barwinska, Ewa"]
[Black "Ullrich, Karol"]
[Result "1-0"]
[BlackElo "1303"]
[WhiteElo "1451"]
[LiveChessVersion "1.4.8"]

1. e4 c6 2. d4 d5 3. Nc3 dxe4 4. Nxe4 Nf6 5. Nxf6+ exf6 6. Nf3 Bg4 7. Be2 Bd6 8.
h3 Bh5 9. Be3 Nd7 10. Qd2 O-O 11. O-O Nb6 12. Bf4 Re8 13. Bxd6 Qxd6 14. b3 c5 15.
Bb5 Red8 16. g4 Qd5 17. Be2 Bg6 18. c4 Qd6 19. Rad1 cxd4 20. Qxd4 Qe7 21. Qe3
Qxe3 22. fxe3 Re8 23. Kf2 Re7 24. Bd3 Rae8 25. Bxg6 fxg6 26. Rfe1 h5 27. Rd4 Nd7
28. Rd5 Ne5 29. Nxe5 Rxe5 30. Rd7 R8e7 31. Rxe7 Rxe7 32. Rd1 Kf7 33. Kf3 Ke6 34.
Rd5 hxg4+ 35. hxg4 g5 36. a4 Rc7 37. Ke4 g6 38. c5 b6 39. cxb6 axb6 40. Rb5 Rc6
41. b4 f5+ 42. Kf3 Rd6 43. a5 bxa5 44. bxa5 fxg4+ 45. Kxg4 Rd3 46. a6 Rxe3 47.
Ra5 Re4+ 48. Kxg5 Re5+ 49. Rxe5+ 1-0

[Event "D"]
[Site "?"]
[Date "2018.08.25"]
[Round "3.3"]
[White "Masalski, Pawel"]
[Black "Bednarczyk, Mateusz"]
[Result "1/2-1/2"]
[BlackElo "1451"]
[WhiteElo "1093"]
[LiveChessVersion "1.4.8"]

1. d4 {[%clk 1:30:58]} Nf6 {[%clk 1:30:56]} 2. c4 {[%clk 1:31:17]} g6
{[%clk 1:31:22]} 3. Nf3 {[%clk 1:31:25]} Bg7 {[%clk 1:31:48]} 4. e3
{[%clk 1:31:17]} O-O {[%clk 1:32:04]} 5. Nc3 {[%clk 1:31:35]} d6 {[%clk 1:32:31]}
6. Be2 {[%clk 1:30:05]} Nbd7 {[%clk 1:32:47]} 7. O-O {[%clk 1:29:34]} e5
{[%clk 1:33:06]} 8. dxe5 {[%clk 1:29:03]} Nxe5 {[%clk 1:33:23]} 9. Nxe5
{[%clk 1:28:29]} dxe5 {[%clk 1:33:49]} 10. e4 {[%clk 1:27:20]} Be6
{[%clk 1:32:29]} 11. Bg5 {[%clk 1:26:28]} Qd4 {[%clk 1:30:56]} 12. Rc1
{[%clk 1:24:35]} c6 {[%clk 1:30:19]} 13. b3 {[%clk 1:24:05]} h6 {[%clk 1:28:24]}
14. Be3 {[%clk 1:23:46]} Qd7 {[%clk 1:28:30]} 15. Qd2 {[%clk 1:20:55]} Qxd2
{[%clk 1:26:51]} 16. Bxd2 {[%clk 1:21:05]} Rfd8 {[%clk 1:27:02]} 17. Rcd1
{[%clk 1:20:22]} Bf8 {[%clk 1:26:38]} 18. f3 {[%clk 1:20:06]} Kg7
{[%clk 1:25:26]} 19. Be3 {[%clk 1:19:53]} Bb4 {[%clk 1:24:41]} 20. Rxd8
{[%clk 1:18:34]} Rxd8 {[%clk 1:25:05]} 21. Rc1 {[%clk 1:18:28]} a6
{[%clk 1:21:23]} 22. Rd1 Rxd1+ {[%clk 1:21:06]} 23. Nxd1 {[%clk 1:17:17]} Ne8
{[%clk 1:21:13]} 24. Bb6 {[%clk 1:15:16]} f5 {[%clk 1:20:03]} 25. exf5
{[%clk 1:14:21]} Bxf5 {[%clk 1:20:12]} 26. Ne3 {[%clk 1:11:33]} Bb1
{[%clk 1:19:24]} 27. a4 {[%clk 1:10:32]} Nd6 {[%clk 1:19:00]} 28. Bd1
{[%clk 1:08:15]} Nf5 {[%clk 1:17:59]} 29. Bc2 {[%clk 1:07:11]} Nxe3
{[%clk 1:15:29]} 30. Bxb1 {[%clk 1:07:09]} Nf5 {[%clk 1:15:31]} 31. Bf2
{[%clk 1:06:21]} Kf6 {[%clk 1:14:56]} 32. Kf1 {[%clk 1:05:51]} Nd6
{[%clk 1:14:36]} 33. Bc2 1/2-1/2

[Event "D"]
[Site "?"]
[Date "2018.08.25"]
[Round "3.4"]
[White "Cieply, Krzysztof"]
[Black "Krupa, Dominik"]
[Result "0-1"]
[BlackElo "1258"]
[WhiteElo "1400"]
[LiveChessVersion "1.4.8"]

1. e4 e5 2. Nf3 Nc6 3. d4 exd4 4. Bc4 Nf6 5. e5 d5 6. Bb5 Ne4 7. Nxd4 Bd7 8. Bxc6
Bxc6 9. O-O Bc5 10. f3 Ng5 11. Kh1 Ne6 12. Nxc6 bxc6 13. f4 Bb6 14. f5 Nc5 15. e6
Qf6 16. exf7+ Qxf7 17. Re1+ Ne4 18. Nc3 O-O-O 19. Nxe4 dxe4 20. Qg4 h5 21. Qh3
Kb8 22. Bg5 Rd5 23. Be3 Qxf5 24. Bxb6 Qxh3 25. Bxa7+ Kxa7 26. gxh3 Re8 27. Rad1
e3 28. Rxd5 cxd5 29. Kg2 g5 30. Kf3 d4 31. Ke2 Rf8 32. Rf1 Rxf1 33. Kxf1 Kb6 34.
a4 Ka5 35. b3 Kb4 36. Ke2 Kc3 37. a5 Kxc2 38. a6 d3+ 39. Kxe3 d2 40. a7 d1=Q 41.
a8=Q Qg1+ 42. Ke2 Qxh2+ 43. Ke1 Qe5+ 44. Kf1 Qf4+ 45. Ke1 Qe3+ 46. Kf1 Qxh3+ 47.
Ke1 Qc3+ 48. Kf2 Qxb3 49. Qc6+ Kb1 50. Qh6 Qb6+ 0-1

[Event "D"]
[Site "?"]
[Date "2018.08.25"]
[Round "3.5"]
[White "Kolarz, Maciej"]
[Black "Walaszczyk, Mikolaj"]
[Result "1-0"]
[BlackElo "1217"]
[WhiteElo "1378"]
[LiveChessVersion "1.4.8"]

1. d4 {[%clk 1:30:58]} Nf6 {[%clk 1:30:48]} 2. c4 {[%clk 1:31:24]} e6
{[%clk 1:31:00]} 3. Nc3 {[%clk 1:31:35]} Bb4 {[%clk 1:31:08]} 4. Bg5
{[%clk 1:30:21]} h6 {[%clk 1:30:35]} 5. Bxf6 {[%clk 1:30:24]} Qxf6
{[%clk 1:30:39]} 6. e3 {[%clk 1:30:45]} c5 {[%clk 1:30:54]} 7. a3
{[%clk 1:29:49]} Bxc3+ {[%clk 1:30:17]} 8. bxc3 {[%clk 1:30:12]} O-O
{[%clk 1:30:07]} 9. Nf3 {[%clk 1:30:35]} d5 {[%clk 1:30:04]} 10. Be2
{[%clk 1:30:34]} dxc4 {[%clk 1:30:15]} 11. Bxc4 {[%clk 1:30:56]} Rd8
{[%clk 1:29:31]} 12. Qc2 {[%clk 1:30:14]} cxd4 {[%clk 1:28:30]} 13. cxd4
{[%clk 1:30:39]} Nc6 {[%clk 1:28:15]} 14. Qe4 {[%clk 1:29:24]} Bd7
{[%clk 1:23:09]} 15. Bd3 {[%clk 1:28:22]} Re8 {[%clk 1:18:42]} 16. O-O
{[%clk 1:18:58]} a6 {[%clk 1:12:16]} 17. Rfc1 {[%clk 1:16:58]} Rac8
{[%clk 1:10:02]} 18. Rab1 {[%clk 1:10:04]} b5 {[%clk 1:08:48]} 19. Rc5
{[%clk 1:08:22]} Na5 {[%clk 1:04:32]} 20. Ne5 {[%clk 1:08:35]} Rxc5
{[%clk 0:54:00]} 21. Qh7+ {[%clk 1:08:15]} Kf8 {[%clk 0:53:21]} 22. Nxd7+
{[%clk 1:08:38]} Ke7 {[%clk 0:51:55]} 23. Nxf6 {[%clk 1:09:04]} Kxf6
{[%clk 0:51:19]} 24. dxc5 {[%clk 1:09:29]} Rc8 {[%clk 0:50:48]} 25. g3
{[%clk 1:09:50]} Rxc5 {[%clk 0:51:08]} 26. Qe4 {[%clk 1:10:08]} Rc6
{[%clk 0:50:30]} 27. Qf4+ {[%clk 1:10:00]} Ke7 {[%clk 0:49:09]} 28. Qb4+
{[%clk 1:10:24]} 1-0

[Event "D"]
[Site "?"]
[Date "2018.08.25"]
[Round "3.6"]
[White "Perek, Oskar"]
[Black "Szuber, Dawid"]
[Result "0-1"]
[BlackElo "1349"]
[WhiteElo "1208"]
[LiveChessVersion "1.4.8"]

1. e4 {[%clk 1:30:58]} c5 {[%clk 1:30:57]} 2. Nf3 {[%clk 1:31:18]} Nc6
{[%clk 1:31:20]} 3. d4 {[%clk 1:31:39]} cxd4 {[%clk 1:31:31]} 4. Nxd4
{[%clk 1:32:02]} e5 {[%clk 1:31:57]} 5. Nb5 {[%clk 1:32:21]} a6 {[%clk 1:32:21]}
6. Nd6+ {[%clk 1:32:42]} Bxd6 {[%clk 1:32:45]} 7. Qxd6 {[%clk 1:33:07]} Qe7
{[%clk 1:33:10]} 8. Qxe7+ {[%clk 1:33:15]} Ngxe7 {[%clk 1:33:35]} 9. Bd2
{[%clk 1:32:55]} d5 {[%clk 1:33:53]} 10. exd5 {[%clk 1:32:50]} Nxd5
{[%clk 1:34:17]} 11. a3 {[%clk 1:32:50]} Bf5 {[%clk 1:34:19]} 12. Bc4
{[%clk 1:32:04]} Nb6 {[%clk 1:33:19]} 13. Bb3 {[%clk 1:32:16]} Nd4
{[%clk 1:32:43]} 14. Be3 {[%clk 1:31:42]} Nxb3 {[%clk 1:32:02]} 15. cxb3
{[%clk 1:32:04]} Nd5 {[%clk 1:32:10]} 16. Bd2 {[%clk 1:31:43]} f6
{[%clk 1:29:42]} 17. Nc3 {[%clk 1:32:01]} Rd8 {[%clk 1:28:15]} 18. O-O
{[%clk 1:32:03]} Kf7 {[%clk 1:27:11]} 19. Rac1 {[%clk 1:31:59]} Rd7
{[%clk 1:26:08]} 20. Nxd5 {[%clk 1:31:59]} Rxd5 {[%clk 1:26:17]} 21. Be3
{[%clk 1:32:26]} Rhd8 {[%clk 1:25:48]} 22. h3 {[%clk 1:32:04]} Rd3
{[%clk 1:25:39]} 23. Rc7+ {[%clk 1:29:54]} R8d7 {[%clk 1:25:32]} 24. Rxd7+
{[%clk 1:29:55]} Bxd7 {[%clk 1:25:41]} 25. b4 {[%clk 1:30:06]} Bb5
{[%clk 1:25:05]} 26. Rc1 {[%clk 1:29:46]} Bc6 {[%clk 1:25:25]} 27. Rc3
{[%clk 1:29:02]} Rd1+ {[%clk 1:25:13]} 28. Kh2 {[%clk 1:29:17]} f5
{[%clk 1:24:22]} 29. Bc5 Rd2 {[%clk 1:21:06]} 30. b3 {[%clk 1:28:53]} Ke6
{[%clk 1:20:45]} 31. Kg3 {[%clk 1:27:16]} g5 {[%clk 1:19:38]} 32. Kh2
{[%clk 1:27:24]} f4 {[%clk 1:19:20]} 33. a4 {[%clk 1:27:16]} e4 {[%clk 1:17:03]}
34. g3 {[%clk 1:26:42]} e3 {[%clk 1:15:29]} 35. gxf4 {[%clk 1:26:52]} Rxf2+
{[%clk 1:14:30]} 36. Kg3 {[%clk 1:26:16]} Rg2# {[%clk 1:13:37]} 0-1

[Event "D"]
[Site "?"]
[Date "2018.08.25"]
[Round "3.7"]
[White "Mainka, Anna"]
[Black "Klisowski, Bartosz"]
[Result "0-1"]
[BlackElo "1330"]
[WhiteElo "1151"]
[LiveChessVersion "1.4.8"]

1. e4 {[%clk 1:30:57]} c6 {[%clk 1:30:54]} 2. d4 {[%clk 1:31:22]} d5
{[%clk 1:31:22]} 3. e5 {[%clk 1:31:46]} Bf5 {[%clk 1:31:23]} 4. h4
{[%clk 1:32:08]} Nd7 {[%clk 1:29:52]} 5. Bd3 {[%clk 1:32:00]} Bxd3
{[%clk 1:30:17]} 6. Qxd3 {[%clk 1:32:25]} e6 {[%clk 1:30:30]} 7. Nf3
{[%clk 1:32:25]} c5 {[%clk 1:29:43]} 8. c3 {[%clk 1:32:27]} h6 {[%clk 1:28:24]}
9. Bf4 {[%clk 1:32:11]} Ne7 {[%clk 1:27:50]} 10. g4 {[%clk 1:32:16]} Ng6
{[%clk 1:26:34]} 11. Be3 {[%clk 1:31:56]} cxd4 {[%clk 1:26:28]} 12. cxd4
{[%clk 1:32:17]} Bb4+ {[%clk 1:25:57]} 13. Nbd2 {[%clk 1:31:38]} Rc8
{[%clk 1:25:06]} 14. a3 {[%clk 1:31:58]} Bxd2+ {[%clk 1:25:13]} 15. Bxd2
{[%clk 1:32:03]} Qb6 {[%clk 1:17:29]} 16. b4 {[%clk 1:31:59]} Rc4
{[%clk 1:12:30]} 17. Rc1 {[%clk 1:31:41]} Qb5 {[%clk 1:11:49]} 18. Rxc4
{[%clk 1:31:57]} Qxc4 {[%clk 1:12:03]} 19. Qc3 {[%clk 1:29:23]} Nb6
{[%clk 1:11:51]} 20. Qc1 {[%clk 1:27:09]} O-O {[%clk 1:10:33]} 21. Bxh6
{[%clk 1:26:34]} gxh6 {[%clk 1:07:01]} 22. Qxh6 {[%clk 1:26:59]} Qc3+
{[%clk 1:07:20]} 23. Ke2 {[%clk 1:27:06]} Qc4+ {[%clk 1:06:46]} 24. Ke1
{[%clk 1:27:19]} Qc3+ {[%clk 1:07:08]} 25. Ke2 {[%clk 1:27:43]} Rc8
{[%clk 1:01:42]} 26. h5 {[%clk 1:27:39]} Qc2+ {[%clk 1:00:42]} 27. Nd2
{[%clk 1:26:45]} Nh8 {[%clk 0:58:33]} 28. Qg5+ {[%clk 1:26:59]} Kf8
{[%clk 0:58:30]} 29. Qh6+ {[%clk 1:27:18]} Ke7 {[%clk 0:58:19]} 30. Qf6+
{[%clk 1:27:40]} Kd7 {[%clk 0:58:30]} 31. Ke3 {[%clk 1:27:15]} Rc3+
{[%clk 0:57:36]} 32. Ke2 {[%clk 1:27:29]} Qd3+ {[%clk 0:57:26]} 33. Kd1
{[%clk 1:27:39]} Nc4 {[%clk 0:57:17]} 34. Qh6 {[%clk 1:27:35]} Nb2+
{[%clk 0:57:22]} 35. Ke1 {[%clk 1:27:53]} Rc1# {[%clk 0:57:44]} 0-1

[Event "D"]
[Site "?"]
[Date "2018.08.25"]
[Round "3.9"]
[White "Mrozek, Wojciech"]
[Black "Grzebieniowski, Michal"]
[Result "0-1"]
[BlackElo "1385"]
[WhiteElo "1065"]
[LiveChessVersion "1.4.8"]

1. e4 {[%clk 1:30:50]} e5 {[%clk 1:30:36]} 2. Nf3 {[%clk 1:30:49]} Nc6
{[%clk 1:30:19]} 3. Bc4 {[%clk 1:29:47]} Be7 {[%clk 1:29:09]} 4. O-O
{[%clk 1:26:20]} Nf6 {[%clk 1:26:37]} 5. Nc3 {[%clk 1:21:50]} O-O
{[%clk 1:25:25]} 6. a3 {[%clk 1:10:55]} a5 {[%clk 1:22:25]} 7. d4
{[%clk 1:00:13]} exd4 {[%clk 1:22:41]} 8. Nxd4 {[%clk 0:59:30]} d6
{[%clk 1:23:02]} 9. h3 {[%clk 0:56:47]} Bd7 {[%clk 1:22:09]} 10. f4
{[%clk 0:51:13]} Rb8 {[%clk 1:21:48]} 11. Bb5 {[%clk 0:34:07]} Nxd4
{[%clk 1:19:50]} 12. Qxd4 {[%clk 0:32:32]} c6 {[%clk 1:16:08]} 13. Bc4
{[%clk 0:32:49]} b5 {[%clk 1:16:21]} 14. Bd3 {[%clk 0:26:27]} c5 {[%clk 1:16:25]}
15. Qe3 {[%clk 0:24:48]} c4 {[%clk 1:16:25]} 16. Be2 {[%clk 0:24:53]} Qc7
{[%clk 1:15:08]} 17. Nd5 {[%clk 0:21:31]} Nxd5 {[%clk 1:15:24]} 18. exd5
{[%clk 0:21:55]} Bf6 {[%clk 1:15:21]} 19. Qg3 {[%clk 0:16:54]} Qc5+
{[%clk 1:14:13]} 20. Be3 {[%clk 0:16:43]} Qc7 {[%clk 1:13:55]} 21. c3
{[%clk 0:15:28]} Rfe8 {[%clk 1:13:46]} 22. Rfe1 {[%clk 0:13:01]} Re7
{[%clk 1:13:57]} 23. Bf2 {[%clk 0:12:54]} Rbe8 {[%clk 1:13:43]} 24. Bf3
{[%clk 0:13:10]} Bc8 {[%clk 1:13:30]} 25. Rad1 {[%clk 0:11:22]} Bb7
{[%clk 1:13:10]} 26. Kf1 {[%clk 0:10:02]} Ba6 {[%clk 1:11:58]} 27. Be2
{[%clk 0:06:50]} b4 {[%clk 1:10:42]} 28. axb4 axb4 {[%clk 1:11:03]} 29. Bd4
{[%clk 0:07:30]} Bxd4 {[%clk 1:11:03]} 30. Rxd4 {[%clk 0:07:42]} Re3
{[%clk 1:11:14]} 31. Qf2 {[%clk 0:05:34]} bxc3 {[%clk 1:10:49]} 32. bxc3
{[%clk 0:05:59]} Rxc3 {[%clk 1:10:57]} 33. Kg1 {[%clk 0:03:38]} Rce3
{[%clk 1:09:35]} 34. Rd2 {[%clk 0:03:29]} Qa5 {[%clk 1:09:03]} 35. Rb2
{[%clk 0:03:16]} c3 {[%clk 1:08:24]} 36. Rc2 {[%clk 0:03:14]} Qa4
{[%clk 1:08:07]} 37. Rcc1 {[%clk 0:02:51]} Rxe2 {[%clk 1:08:16]} 38. Rxe2
{[%clk 0:02:51]} Rxe2 {[%clk 1:08:36]} 39. Qa7 {[%clk 0:03:14]} c2
{[%clk 1:08:15]} 40. Qb8+ {[%clk 0:01:46]} Re8 {[%clk 1:08:36]} 41. Qxd6
{[%clk 0:01:47]} Qd4+ {[%clk 1:08:39]} 42. Kh2 {[%clk 0:01:55]} Qd1
{[%clk 1:08:11]} 43. Rxd1 {[%clk 0:00:56]} cxd1=Q {[%clk 1:08:20]} 44. Qxa6
{[%clk 0:01:08]} Qxd5 {[%clk 1:08:35]} 45. Qa4 {[%clk 0:01:19]} Qe4
{[%clk 1:08:47]} 46. Qb5 {[%clk 0:01:29]} Qxf4+ {[%clk 1:08:57]} 47. Kg1
{[%clk 0:01:46]} Re1+ {[%clk 1:09:12]} 48. Qf1 {[%clk 0:02:09]} Rxf1# 0-1

[Event "D"]
[Site "?"]
[Date "2018.08.25"]
[Round "4.1"]
[White "Klisowski, Bartosz"]
[Black "Barwinska, Ewa"]
[Result "0-1"]
[BlackElo "1451"]
[WhiteElo "1330"]
[LiveChessVersion "1.4.8"]

1. Nf3 {[%clk 1:30:57]} d5 {[%clk 1:30:34]} 2. g3 {[%clk 1:31:14]} Nf6
{[%clk 1:29:39]} 3. Bg2 {[%clk 1:31:17]} c5 {[%clk 1:28:51]} 4. O-O
{[%clk 1:31:26]} g6 {[%clk 1:28:34]} 5. c4 {[%clk 1:30:31]} Bg7 {[%clk 1:27:38]}
6. cxd5 {[%clk 1:28:56]} Nxd5 {[%clk 1:27:47]} 7. Nc3 {[%clk 1:28:48]} Nxc3
{[%clk 1:27:26]} 8. dxc3 {[%clk 1:27:55]} O-O {[%clk 1:27:00]} 9. Be3
{[%clk 1:27:18]} Qc7 {[%clk 1:24:40]} 10. Qd5 {[%clk 1:21:57]} Nd7
{[%clk 1:23:24]} 11. Rfd1 {[%clk 1:20:02]} c4 {[%clk 1:20:47]} 12. Qd2
{[%clk 1:19:22]} Nc5 {[%clk 1:19:50]} 13. Bxc5 {[%clk 1:17:11]} Qxc5
{[%clk 1:20:08]} 14. Qd5 {[%clk 1:13:49]} Qb6 {[%clk 1:18:14]} 15. Qd2
{[%clk 1:11:39]} Be6 {[%clk 1:15:11]} 16. Nd4 {[%clk 1:10:12]} Rfd8
{[%clk 1:13:37]} 17. e3 {[%clk 1:09:39]} Bg4 {[%clk 1:12:25]} 18. f3
{[%clk 1:09:39]} Bf5 {[%clk 1:11:46]} 19. Qf2 {[%clk 1:08:11]} Bd3
{[%clk 1:07:52]} 20. Bf1 {[%clk 1:08:30]} Bxf1 {[%clk 1:08:16]} 21. Kxf1
{[%clk 1:07:38]} e5 {[%clk 1:07:53]} 22. Ne2 {[%clk 1:04:46]} Rxd1+
{[%clk 1:07:13]} 23. Rxd1 {[%clk 1:05:11]} Qxb2 {[%clk 1:06:39]} 24. Rd7
{[%clk 1:04:31]} b5 {[%clk 0:56:21]} 25. Rb7 {[%clk 1:03:58]} a6 {[%clk 0:55:19]}
26. e4 {[%clk 1:01:54]} Qb1+ {[%clk 0:53:56]} 27. Qe1 {[%clk 1:01:14]} Qxa2
{[%clk 0:52:37]} 28. Qd1 {[%clk 1:01:10]} Rf8 {[%clk 0:48:47]} 29. Ra7
{[%clk 1:01:21]} Bh6 {[%clk 0:43:21]} 30. Kf2 {[%clk 0:58:54]} Qa3
{[%clk 0:42:39]} 31. Qd5 {[%clk 0:58:36]} Qa5 {[%clk 0:41:00]} 32. Qxe5
{[%clk 0:58:17]} Bg7 {[%clk 0:40:46]} 33. Qc5 {[%clk 0:57:58]} Bxc3
{[%clk 0:36:33]} 34. Nxc3 {[%clk 0:58:09]} Qxc3 {[%clk 0:36:58]} 35. Rxa6
{[%clk 0:58:32]} b4 {[%clk 0:34:59]} 36. Rc6 {[%clk 0:57:52]} Qb2+
{[%clk 0:35:07]} 37. Ke3 {[%clk 0:57:53]} c3 {[%clk 0:34:54]} 38. Qd4
{[%clk 0:57:46]} Qc1+ {[%clk 0:33:17]} 39. Ke2 {[%clk 0:57:47]} Qb2+
{[%clk 0:30:40]} 40. Ke3 {[%clk 0:58:02]} Ra8 {[%clk 0:30:28]} 41. Rc4
{[%clk 0:57:16]} Qc1+ {[%clk 0:30:36]} 42. Ke2 {[%clk 0:56:16]} Ra2+
{[%clk 0:30:59]} 43. Kd3 {[%clk 0:56:35]} Qd2# 0-1

[Event "D"]
[Site "?"]
[Date "2018.08.25"]
[Round "4.2"]
[White "Krupa, Dominik"]
[Black "Kolarz, Maciej"]
[Result "1-0"]
[BlackElo "1378"]
[WhiteElo "1258"]
[LiveChessVersion "1.4.8"]

1. e4 e6 2. d4 d5 3. Nd2 Nf6 4. e5 Nfd7 5. Bd3 c5 6. c3 Qb6 7. Ne2 Nc6 8. Nf3
cxd4 9. cxd4 Be7 10. O-O f6 11. exf6 Nxf6 12. Re1 O-O 13. b3 Bd7 14. Nf4 Rae8 15.
Nxe6 Bb4 16. Nxf8 Bxe1 17. Nxd7 Nxd7 18. Nxe1 Qxd4 19. Be3 Qc3 20. Bxh7+ Kxh7 21.
Qh5+ Kg8 22. Qxe8+ Nf8 23. Rc1 Qb2 24. Nd3 Qe2 25. Nf4 Qb2 26. Ne6 1-0